Due non è il doppio di uno : la bisessualità come orientamento /

Saved in:
Bibliographic Details
Main Author: Groppo, Elettra
Format: Book
Language:Italian
Published: Saint Vincent : Elmi's world, 2010
Series:Saggi romanzati
Tags: Add Tag
No Tags, Be the first to tag this record!

MARC

LEADER 00000nam a22000007i 4500
001 IT\ICCU\BVE\0553049
003 ItRI
005 20250801145820.0
008 110905s2010 it |||||| ||||| |||||c
020 |a 9788897192008 
040 |b ita  |c Arcigay Queer VdA 
041 7 |a ita  |2 ISO-639-2 
100 1 |a Groppo, Elettra  |0 IT\ICCU\BVEV\181797 
245 1 0 |a Due non è il doppio di uno :  |b la bisessualità come orientamento /  |c Elettra Groppo. 
260 |a Saint Vincent :  |b Elmi's world,  |c 2010 
300 |a 287 p. ;  |c 21 cm. 
830 0 |a Saggi romanzati  |0 IT\ICCU\BVE\0553050 
942 |2 ddc  |c BK 
952 |0 0  |1 0  |2 ddc  |4 0  |6 155_334000000000000_GRO_DUE  |7 0  |9 4333  |a AO  |b AO  |d 2025-06-19  |l 0  |o 155.334 GRO DUE  |p 11480  |r 2025-06-19 14:01:08  |w 2025-06-19  |y BK 
952 |0 0  |1 0  |2 ddc  |4 0  |6 B_LNR02GROELDUE11  |7 0  |9 9111  |a MI  |b MI  |d 2011-11-18  |i 6262  |l 0  |o B-LNR02-GROEL-DUE11  |p CDOM6262  |r 2025-07-17 21:50:45  |w 2025-07-17  |x ACQUISTO  |y BK 
981 1 |6 z01  |a i   |b xxxe  
982 1 |6 z01  |a n 
999 |c 3332  |d 3332